Vlastní digitální banka jakožto odpověď na bakovní transformaci

Disrupcia v oblasti finančných služieb - vyzývateľské banky (challengers banks). Digitálne banky. Konkurencia medzi tradičnými a vyzývateľskými bankami. Trendy a ciele bánk. Nezávislosť vyzývateľskej banky.

Salvato in:
Dettagli Bibliografici
Natura: Capitolo di libro
Lingua:ceco
Soggetti:
Tags: Aggiungi Tag
Nessun Tag, puoi essere il primo ad aggiungerne!!

MARC

LEADER 00000naa a2200000 4500
001 0270162
005 20201127094836.0
041 0 |a cze 
044 |a CZ 
245 1 0 |a Vlastní digitální banka jakožto odpověď na bakovní transformaci 
520 |a Disrupcia v oblasti finančných služieb - vyzývateľské banky (challengers banks). Digitálne banky. Konkurencia medzi tradičnými a vyzývateľskými bankami. Trendy a ciele bánk. Nezávislosť vyzývateľskej banky. 
610 2 0 |a banky 
610 2 0 |a služby finančné 
610 2 0 |a technológie nové